000 02223cam a2200637 4500
008 090401t1994 xxu||||| |||| 00| 0 eng d
020 _a0952008033
035 _a(Sirsi) u39683
041 _aeng
050 _a690.241
_c18
245 4 _aThe conservation and repair of ecclesiastical buildings.
260 _aLondon
_bCathedral Communications Limited
_c1994
300 _a44p.
_bill.
_c30cm.
350 _a5.95
490 _aBuilding Conservation Directory Special Report
_v1
505 _aWhy care?
505 _aSt Christopher's Chapel, Great Ormond Street Hospital for Sick Children
505 _aEcclesiastical buildings and the law
505 _aEcclesiastical legislation in Scotland
505 _aThermal revelations
505 _aQuinquennial reports
505 _aThe cleaning and repair of architectural carving at the Brompton Oratory
505 _aThe conservation of 19th and early 20th century stained glass
505 _aThe British Society of Master Glass Painters : accreditation scheme update
505 _aArchaeological investigations
505 _aInterior conservation and repair : an holistic approach
505 _aAvoiding a disaster
505 _aThe challenge of St Mary's Church
505 _aChurch heating
505 _aPrinciples of repair
520 _aAn annual looking at issues surrounding the conservation and repair of churches which includes a directory of useful orgnaisations, products and services.
650 _aBUILDING CONSERVATION DIRECTORY
650 _aCHURCHES
650 _aECCLESIASTICAL BUILDINGS
650 _aRESTORATION
650 _aSTAINED GLASS
690 _aCONSERVATION
700 _aTaylor, Jonathan
_xEditor
700 _aCocke, Thomas
700 _aHowell, Kevin
700 _aSaunders, Matthew
700 _aSanders, John
700 _aKooiman, Govert
700 _aJongh, Ingeborg de
700 _aQuarme, Giles
700 _aTaylor, Russell
700 _aLawrence, David
700 _aPyrah, Carol
700 _aHirst, Elizabeth
700 _aLeet, Lyndall
700 _aWard, Pamela
700 _aWright, Robin
700 _aTaylor, Jonathan
942 _n0
948 _c04/03/1997
999 _c90831
_d90831